ბათუმის შოთა რუსთაველის სახელმწიფო უნივერსიტეტის ბიბლიოთეკა

უღუ და თეთ (ბიბ.ჩანაწერი № 42975)

000 -LEADER
fixed length control field 00776nam a2200229Ia 4500
001 - CONTROL NUMBER
control field 9692
003 - CONTROL NUMBER IDENTIFIER
control field GE_BSU
008 - FIXED-LENGTH DATA ELEMENTS--GENERAL INFORMATION
fixed length control field 181216s||||||||xx |||||||||||||| ||und||
040 ## - CATALOGING SOURCE
Transcribing agency GE_BSU
080 ## - UNIVERSAL DECIMAL CLASSIFICATION NUMBER
Universal Decimal Classification number 82-93:821.353.1-32
100 ## - MAIN ENTRY--PERSONAL NAME
Personal name ნაკაშიძე,ნინო
245 ## - TITLE STATEMENT
Title უღუ და თეთ
245 ## - TITLE STATEMENT
Remainder of title მოთხრობები სასკოლო ასაკის ბავშვებისათვის
245 ## - TITLE STATEMENT
Statement of responsibility, etc. რედ.ლ.ჭიჭინაძე.მხატვ.შ.დოლიძე
260 ## - PUBLICATION, DISTRIBUTION, ETC.
Place of publication, distribution, etc. თბილისი
260 ## - PUBLICATION, DISTRIBUTION, ETC.
Name of publisher, distributor, etc. ნაკადული
260 ## - PUBLICATION, DISTRIBUTION, ETC.
Date of publication, distribution, etc. 1967
300 ## - PHYSICAL DESCRIPTION
Extent 107გვ.17სმ.ილ.
653 ## - INDEX TERM--UNCONTROLLED
Uncontrolled term მოთხრობები
653 ## - INDEX TERM--UNCONTROLLED
Uncontrolled term უღუ და თეთ
942 ## - ADDED ENTRY ELEMENTS (KOHA)
Koha item type წიგნი
ეგზემპლარები
Withdrawn status Lost status Damaged status Not for loan Date acquired Barcode Date last seen Price effective from Koha item type
        2018-12-17 32793 2018-12-17 2018-12-17 წიგნი